Tres proyectos legislativos : procedimientos administrativos, jurisdicción contenciosa administrativa y jurisdicción constitucional 1965-1971 /

Bibliographic Details
Main Authors: Brewer-Carías, Allan-Randolph (Author), Martín-Retortillo, Sebastián (Author), Rubio Llorente, Francisco (Author)
Other Authors: Agurto Gonzáles, Carlos Antonio (Editor), Quequejana Mamani, Sonia Lidia (Editor), Choque Cuenca, Benigno (Editor)
Format: Electronic eBook
Language:Spanish
Published: Santiago, Chile : Ediciones Olejnik, [2023]
Series:Biblioteca de derecho administrativo. Colección Allan R. Brewer-Carías.
Subjects:
Online Access:Digitalia Hispánica

MARC

LEADER 00000nam a2200000Ii 4500
001 DIGOLEJNK1438
003 NyNyDIG
006 m o d
007 cr |||||||||||
008 250902s2023 cl o 000 0 spa d
035 |a (OCoLC)1427226984 
040 |a DGITA  |b eng  |e rda  |e pn  |c DGITA 
020 |z 9789564072609 
043 |a s-ve--- 
050 1 4 |a KHW3263 ebook 
100 1 |a Brewer-Carías, Allan-Randolph,  |e author. 
245 1 0 |a Tres proyectos legislativos :  |b procedimientos administrativos, jurisdicción contenciosa administrativa y jurisdicción constitucional 1965-1971 /  |c Allan R. Brewer-Carías, Sebastián Martin-Retortillo Baquer, Francisco Rubio Llorente ; edición al cuidado de Carlos Antonio Agurto Gonzáles, Sonia Lidia Quequejana Mamani, Benigno Choque Cuenca. 
246 3 |a 3 proyectos legislativos 
264 1 |a Santiago, Chile :  |b Ediciones Olejnik,  |c [2023] 
300 |a 1 online resource. 
336 |a text  |b txt  |2 rdacontent 
337 |a computer  |b c  |2 rdamedia 
338 |a online resource  |b cr  |2 rdacarrier 
347 |a text file  |2 rdaft 
347 |b PDF 
490 1 |a Biblioteca de derecho administrativo. Colección Allan R. Brewer-Carías 
588 0 |a Online resource; title from PDF title page (Digitalia, viewed September 2, 2025) 
650 0 |a Administrative courts  |z Venezuela  |x History  |y 20th century. 
650 0 |a Administrative procedure  |z Venezuela  |x History  |y 20th century. 
700 1 |a Agurto Gonzáles, Carlos Antonio,  |e editor. 
700 1 |a Quequejana Mamani, Sonia Lidia,  |e editor. 
700 1 |a Choque Cuenca, Benigno,  |e editor. 
700 1 |a Martín-Retortillo, Sebastián,  |e author. 
700 1 |a Rubio Llorente, Francisco,  |e author. 
791 2 |a Digitalia (Firm),  |e distributor. 
793 0 |g Digitalia eBook Collection:  |a Ediciones Olejnik 
776 0 8 |i Print version:  |a Brewer-Carías, Allan-Randolph.  |t Tres proyectos legislativos.  |d Santiago, Chile : Ediciones Olejnik, 2023  |z 9789564072609 
830 0 |a Biblioteca de derecho administrativo.  |p Colección Allan R. Brewer-Carías. 
856 4 0 |3 Digitalia Hispánica  |u https://www.digitaliapublishing.com/a/157957/ 
910 |a Premium collection: 2025